00480nam a2200193Ia 4500008004100000020001400041050001400055100001600069245003400085245004700119260001500166260001600181260000900197300001500206300002700221300001000248440002000258500000800278170918s9999 xx 000 0 und d a439442141 bK655 2000 aKline, Suzy aHorrible Harry at halloween / cSuzy Kline ; pictures by Frank Remkiewicz. aNew York : bScholastic, c2000 a53 pages : bcolored illustration ; c19cm. aHorrible Harry. a370